Airlines That Serve Tampa (TPA) - Statistics

General Stats
  • This quiz has been taken 54 times
  • The average score is 13 of 21
Answer Stats
Country Answer % Correct
USA American Airlines
93%
USA Delta Air Lines
90%
USA Southwest Airlines
83%
Germany Lufthansa
80%
USA United Airlines
78%
USA JetBlue
73%
Canada Westjet
73%
UK British Airways
71%
Panama Copa Airlines
71%
USA Frontier Airlines
71%
USA Alaska Airlines
66%
USA Spirit Airlines
66%
Canada Air Canada Rouge
59%
Switzerland Edelweiss Air
54%
USA American Eagle
49%
USA Sun Country Airlines
49%
Cayman Islands Cayman Airways
46%
USA Delta Connection
44%
USA United Express
39%
USA Silver Airways
37%
USA Southern Express Airways
12%
No matching quizzes found
Score Distribution
Percent of People with Each Score
Percentile by Number Answered
Your Score History
You have not taken this quiz